(04) - 50 villes les plus peuplées des Alpes-de-Haute-Provence (04) - Statistiques

Statistiques générales
  • Ce quiz a été pris 57 fois
  • Le résultat moyen est 14 sur 50
Statistiques - réponses
nombre d'habitant Ville % Correct
22 807 Manosque
91%
7 776 Sisteron
72%
5 142 Forcalquier
65%
2 528 Barcelonnette
61%
3 992 Les Mées
54%
6 042 Oraison
54%
17 694 Digne-Les-Bains
50%
1 454 Castellane
48%
3 151 Valensole
48%
5 095 Château-Arnoux-Saint-Auban
46%
4 386 Villeneuve
43%
3 227 Volx
43%
3 530 Sainte-Tulle
39%
3 088 Gréoux-les-Bains
35%
2 019 Malijai
30%
1 625 Riez
30%
1 070 Banon
26%
1 390 Mane
26%
3 943 Pierrevert
26%
1 297 Saint-Étienne-les-Orgues
26%
1 406 Aiglun
24%
816 Allos
24%
1 114 La Brillanne
24%
968 Mallemoisson
24%
1 195 Céreste-en-Luberon
22%
837 Dauphin
22%
1 496 Peipin
22%
2 796 Peyruis
22%
1 730 Reillanne
22%
1 365 Seyne
22%
1 285 Corbières-en-Provence
20%
1 142 Jausiers
20%
1 030 Saint-André-les-Alpes
20%
695 Moustiers-Sainte-Marie
17%
1 278 Saint-Michel-l'Observatoire
17%
1 013 Annot
15%
1 402 l'Escale
15%
1 637 Volonne
15%
904 Saint-Maime
13%
791 Entrevaux
11%
741 Thoard
11%
796 Ubaye-Serre-Ponçon
11%
646 Cruis
9%
967 Le Brusquet
9%
689 Le Chaffaut-Saint-Jurson
9%
1 115 Mison
9%
666 Puimoisson
9%
679 Sallignac
9%
785 Champtercier
7%
732 Roumoules
7%
Aucun quiz correspondant
Distribution des résultats
% des personnes avec chaque résultat
Percentile par nombre de réponses
Votre historique - résultats
Vous n’avez pas pris ce quiz